All Yeri Mua Songs - Statistics

General Stats
  • This quiz has been taken 19 times
    12 since last reset
  • The average score is 29 of 34
Answer Stats
Album Song % Correct
Avión Privado ft. El Malilla
100%
Bagatelle ft. Alex Favela, Eugenio Esquivel, Sebastián Esquivel
100%
BFF
100%
Brattiputy ft. Uzielito Mix, Jey F, Alan Dazmel, El Gudi, Oviña
100%
Brinca ft, El Bogueto, Uzielito Mix
100%
Chaparrita ft. Standly
100%
Collabs Chupon ft. El Gudi, Jey F, Alan Dazmel, Oviña
100%
Combi ft. Marcianeke
100%
Singles Con To' ft. Andre Noriega, Oviña
100%
Croketita
100%
Dime Si Tu ft. Jey F
100%
Ducati ft. Luis R Conriquez, Los Dareyes de la Sierra
100%
Él No Es Tuyo ft. Bellakath, Uzielito Mix
100%
Linea Del Perreo ft. Uzielito Mix, El Jordan 23
100%
Mamita Rica ft. Kenia OS, Ghetto Kids
100%
De Chava Morrita (Tinker Bell) ft. Lewis Somes
100%
Ojitos Chiquititos
100%
Primos ft. Kevin AMF, Uzielito Miz, Dj Kiire
100%
U R SUCH A LAME! RMX ft. RIXXIA
100%
Wow ft. Loyaltty, Uzielito Mix
100%
Yo Quiero Un Malo ft. Ovi, Uzielito Mix
100%
CHEKATE ft. La Joaqui, Gusty dj
67%
Duro
67%
Kuliadora
67%
Modo Antidepresivo ft. Snow Tha Product
67%
Motocicleta ft. Ganggy, Victor Mendivil, Axel Rulay
67%
Nena Moxita ft. El Bogueto, Uzielito Mix
67%
Nota Loca ft. El Gudi, Uzielito Mix, Dj Kiire
67%
Salida de Chicas ft. La Joaqui
67%
Traka
67%
Tu Fresita
67%
Viña Mari ft Chris Tales
67%
G Low Kitty Remix ft. El Bogueto, El Malilla, J Balvin, Uzielito Mix, Dj Rockwel
33%
V16 TURBO REMIX ft. Martinwhite, Marcianeke
33%
No matching quizzes found
Score Distribution
Percent of People with Each Score
Percentile by Number Answered
Your Score History
You have not taken this quiz since the last reset